000 01002cab a2200337 4500
001 ABS50513
008 090401t1994 xxu||||| |||| 00| 0 eng d
035 _a(Sirsi) u76279
041 _aeng
100 _aTiesdell, S.
245 _aRe-creating the city
260 _c1994
350 _a0
490 _aSurveyor
_v181(5287) 14 April 1994, 24-25(2)
520 _aLooks at government commitment to maintaining town centre development in preference to out-of-town schemes, referring to PPG6 and PPG13.
650 _aCITY CENTRES
650 _aOUT-OF-TOWN SHOPPING
650 _aPLANNING POLICY
650 _aPLANNING POLICY GUIDANCE NOTE 13
650 _aPLANNING POLICY GUIDANCE NOTE SIX
650 _aRETAIL DEVELOPMENT
650 _aTOWN CENTRES
650 _aTRANSPORT POLICY
650 _aVITALITY
690 _aPROPERTY-PROPERTY DEVELOPMENT
690 _aPLANNING LAW AND PRACTICE
690 _aURBAN RENEWAL
700 _aOc, T
942 _n0
948 _c04/03/1997
999 _c47997
_d47997